Catalog

Record Details

Catalog Search



Management změny : [příručka pro všechny, kteří na pracovišti proces změny řídí, nebo jím procházejí : analýza situace, popis procesu a možnosti řešení]  Cover Image Book Book

Management změny : [příručka pro všechny, kteří na pracovišti proces změny řídí, nebo jím procházejí : analýza situace, popis procesu a možnosti řešení] / Neil Russell-Jones ; [z britského originálu ... přeložila Klára Vaňková]

Record details

  • ISBN: 80-7367-142-5
  • Physical Description: 110 s. : il. ; 11 x 15 cm
  • Edition: Vyd. 1.
  • Publisher: Praha : Portál, 2006

Content descriptions

General Note:
Na obálce uvedeno č. edice 7
Bibliography, etc. Note:
Obsahuje bibliografii
Subject: management změny
management of change
Genre: příručky
handbooks and manuals

Available copies

  • 1 of 1 copy available at Common Catalog SPOK.

Holds

  • 0 current holds with 1 total copy.
Show Only Available Copies
Location Call Number / Copy Notes Barcode Shelving Location Status Due Date
Jabok Library Soc-8.2 424480020460 Odborná literatura Available -

LDR 01397nam a2200385 a 4500
0016578
003CZ-PrJAB
00520160910050900.0
007ta
008060601s2006 xr a e f 000 0 cze
015 . ‡acnb001657706
020 . ‡a80-7367-142-5 ‡q(brož.) : ‡cKč 126,00
035 . ‡a(CZ PrNK)nkc20061657706
035 . ‡a(OCoLC)85547987
040 . ‡aABA001 ‡bcze ‡dBOA001
0411 . ‡acze ‡heng
072 7. ‡a005 ‡xManagement. Řízení ‡2Konspekt ‡94
080 . ‡a005.591 ‡2MRF
080 . ‡a(035) ‡2MRF
1001 . ‡aRussell-Jones, Neil ‡7mzk2005300796 ‡4aut
24510. ‡aManagement změny : ‡b[příručka pro všechny, kteří na pracovišti proces změny řídí, nebo jím procházejí : analýza situace, popis procesu a možnosti řešení] / ‡cNeil Russell-Jones ; [z britského originálu ... přeložila Klára Vaňková]
250 . ‡aVyd. 1.
260 . ‡aPraha : ‡bPortál, ‡c2006
300 . ‡a110 s. : ‡bil. ; ‡c11 x 15 cm
4901 . ‡aManagement do kapsy ; ‡v8
500 . ‡aNa obálce uvedeno č. edice 7
504 . ‡aObsahuje bibliografii
65007. ‡amanagement změny ‡7ph136743 ‡2czenas
65009. ‡amanagement of change ‡2eczenas
655 7. ‡apříručky ‡7fd133209 ‡2czenas
655 9. ‡ahandbooks and manuals ‡2eczenas
7650 . ‡tManaging change pocketbook ‡9Česky
830 0. ‡aManagement do kapsy
910 . ‡aABG312
901 . ‡a6578 ‡bUnknown ‡c6578 ‡tbiblio

Additional Resources